| 000 | 00749nam a22002057a 4500 | ||
|---|---|---|---|
| 003 | BD-DhUL | ||
| 005 | 20180416144324.0 | ||
| 008 | 180416s2018 bg |||| |||| 000 0 ben | ||
| 020 | _a9789849353560 | ||
| 040 |
_aBD-DhUL _cBD-DhUL |
||
| 082 |
_a891.444 _bSAI |
||
| 100 | 1 | _aসরকার, যতীন । | |
| 245 | 0 |
_aইতিহাসের দর্শন ও বাঙালির মুক্তিযুদ্ধ প্রসঙ্গে / _cযতীন সরকার । |
|
| 260 |
_aঢাকা : _bঅনুপম, _c২০১৮ । |
||
| 300 |
_a১৩৬ পৃ. ; _c২২ সেমি । |
||
| 365 |
_aBDT _b250.0 |
||
| 650 | 0 | _aবাংলা প্রবন্ধ । | |
| 650 | 0 | _aBengali essays. | |
| 942 |
_2ddc _cBK |
||
| 999 |
_c240454 _d240454 |
||